000
00512nam a2200133Ia 4500
008
100328s9999 xx 000 0 und d
082
_b
71255
100
_a
ढसाळ नामदेव.
245
_a
तुझे बोट धरुन चाललो आहे मी
260
_b
लोकवाडे.मयगृह.
630
_a
तुझे बोट धरुन चाललो आहे मी
730
_a
तुझे बोट धरुन चाललो आहे मी
942
_c
BOOK
999
_c
556979
_d
556976